000 00310nam a22001337a 4500
008 170330b xxu||||| |||| 00| 0 eng d
020 _a9780553071863
041 _aeng
080 _a616-053.2
100 _a8
101 _aSHM
245 _aCARING FOR YOUR BABY AND YOUNG CHILD
_cSHELOV.S.P
942 _2udc
_cBK
999 _c9138
_d9138